00623nam a2200169Ia 4500008004100000100002200041245008700063245006100150260003900211260000900250300001000259650001800269650001500287856005900302999001900361952007300380170221s9999 xx 000 0 und d aNorman C. H. Wong aReactance and Public Health Messages: The Unintended Dangers of Anti-tobacco PSAs  cNorman C. H. Wong, Kylie J. Harrison, Lindsey A. Harvell bStudies in Media and Communication c2015 a3 : 2 xCommunication xMedia Arts uhttp://redfame.com/journal/index.php/smc/issue/view/42 c307092d307092 001040aCLbCLd2017-02-21l0r2017-02-21 00:00:00w2017-02-21yFOJ